LEADER 01245nam a2200289 i 4500 001 000000223936 003 CaOOAMICUS 005 20131022000000.0 008 131022s2013 it u000 u ita u 013 $a202834 020 $a978-88-311-4443-8 040 $aSeMil$bita 100 1 $aTantardini, Giacomo,$d<1946-2012>.$0(OLS)http://semarc/name/63090 245 10$aAnche la fede domanda :$bla grazia, la preghiera, le opere buone : meditazioni /$cGiacomo Tantardini ; prefazione di Jorge Mario Bergoglio. 260 $aRoma :$bCittà Nuova,$c2013. 300 $a180 p. ;$c20 cm. 700 0 $aFranciscus I,$c.$0(OLS)http://semarc/name/2737 850 $aSeMil 852 $aSeMil$W1$xVenegono$y1$m3F IV 464$j174282$B174282$CSeMilBibl$Z2$F185921 $81 900 1 $aBergoglio, Jorge Mario,$d<1936-2025>. 900 0 $aFrancesco I$c. 961 $aOmaggio: Delpini mons. Mario 996 $6020$a978-88-311-4443-8$9(OLS)http://semarc/number/224230 996 $6245$aAnche la fede domanda :$bla grazia, la preghiera, le opere buone : meditazioni$9(OLS)http://semarc/title/321039 996 $6260$aRoma :$bCittà Nuova$9(OLS)http://semarc/publisher/29609 LEADER 00599nam a2200181 i 4500 001 000000103588 003 CaOOAMICUS 005 20011009000000.0 008 011009s1962 it u000 u ita u 013 $a75759 040 $aSeMil$bita 245 10$a[R-Z]. 300 $a1261 p., [48] p. di tav. color. 500 $aTitolo ripreso dal dorso del volume. 773 0 $tDizionario universale.$dMilano : Mondadori, 1959-1963.$gVolume4$w()1066 850 $aSeMil 852 $aSeMil$W1$xVenegono$y1$mSL1.D VIII 16$j60049$B60049$CSeMilBibl$Z2$F44529 $8I 996 $6245$a[R-Z]$9(OLS)http://semarc/title/150395